| 000 | 00641nam a22002057a 4500 | ||
|---|---|---|---|
| 003 | LK-CoMWRAF | ||
| 005 | 20231017094826.0 | ||
| 008 | 231017b |||||||| |||| 00| 0 eng d | ||
| 020 | _a8185274916 | ||
| 040 |
_aLK-CoMWRAF _dLK-CoMWRAF _eLK-CoMWRAF |
||
| 041 | _aeng | ||
| 082 |
_a822.33 _bCRI |
||
| 245 | _aCritics on Shakespeare | ||
| 260 |
_aLondon : _bGeorge allen and unwin Ltd, _c1973 |
||
| 300 | _a84 p. ; 22 cm. | ||
| 650 | _aShakespeare, William--1564-1616--Criticism and interpretation | ||
| 650 | _aDrama in English Shakespeare, William Critical studies, 1592-1965 Readings | ||
| 700 |
_aAndrews, W. T. _eed. |
||
| 942 | _cBK | ||
| 999 |
_c3895 _d3895 |
||